000 00398nam a22001457a 4500
020 _a9780855981457
050 _aTX353
_b.Y68 1992
100 _aYoung, Helen
245 _aFood scrcity and famine/
_bassesment and response
_cHelen, Young
260 _a Uk; Ireland:
_bOxfam,
_c1992.
300 _aiv, 124p.:
500 _a1ncludes Index
650 _v1. Food suply. 2.Famines. 3.Oxfam.
942 _cGEN
999 _c453
_d453